Online
Catalog

Fuente Ovejuna : (Record no. 1967)

MARC details
000 -CABECERA
campo de control de longitud fija 00587cam a2200181 a 4500
001 - NÚMERO DE CONTROL
campo de control 000002109
005 - FECHA Y HORA DE LA ÚLTIMA TRANSACCIÓN
campo de control 20200929145833.0
008 - DATOS DE LONGITUD FIJA--INFORMACIÓN GENERAL
campo de control de longitud fija 810724s1966 sp a 000 0 spa d
040 ## - FUENTE DE LA CATALOGACIÓN
Centro catalogador/agencia de origen DO-SdBNP
Lengua de catalogación spa
Centro/agencia transcriptor BNPHU
082 ## - NÚMERO DE LA CLASIFICACIÓN DECIMAL DEWEY
Número de clasificación xx
Número de documento/Ítem V422f
100 1# - ENTRADA PRINCIPAL--NOMBRE DE PERSONA
Nombre de persona Vega, Lope de,
Fechas asociadas al nombre 1562-1635.
9 (RLIN) 3084
245 10 - MENCIÓN DE TÍTULO
Título Fuente Ovejuna :
Resto del título peribañez y el comendador de ocaña /
Mención de responsabilidad, etc. Lope de Vega ; ilustraciones López Pinal.
260 ## - PUBLICACIÓN, DISTRIBUCIÓN, ETC.
Lugar de publicación, distribución, etc. Madrid :
Nombre del editor, distribuidor, etc. EDAF,
Fecha de publicación, distribución, etc. 1966.
300 ## - DESCRIPCIÓN FÍSICA
Extensión 210 p. :
Otras características físicas il. ;
Dimensiones 19 cm.
490 1# - MENCIÓN DE SERIE
Mención de serie Biblioteca EDAF,
Designación de volumen o secuencia 58
700 1# - PUNTO DE ACCESO ADICIONAL--NOMBRE DE PERSONA
Nombre de persona López Pinal,
Término indicativo de función/relación ill.
9 (RLIN) 6778
830 #0 - PUNTO DE ACCESO ADICIONAL DE SERIE-TÍTULO UNIFORME
Título uniforme Biblioteca EDAF,
Designación de volumen o secuencia 58
9 (RLIN) 6779
Holdings
Estado de retiro Estado de pérdida Restricciones de uso No para préstamo Código de colección Localización permanente Ubicación/localización actual Ubicación en estantería Fecha de adquisición Número de inventario Total de préstamos Signatura topográfica completa Código de barras Fecha visto por última vez Precio válido a partir de Tipo de ítem Koha
    Préstamo interno   Monografías: Libros y Folletos General General Depósito 22.09.2009 LF1   xx V422f 2109-10 25.06.2020 25.06.2020 Préstamo interno
        Monografías: Libros y Folletos General General Orden iniciada 19.09.2013 LF1   xx V422f 2109-20 25.06.2020 25.06.2020 No se presta

Powered by Koha